[Event "Hull 4NCL Congress"]
[Site "Canham Turner Centre"]
[Date "2023.09.10"]
[Round "4"]
[Board "7"]
[White "Chan, Sheng Liang Bernard"]
[Black "Varley, Joe"]
[Result "0-1"]
[WhiteElo "2090"]
[BlackElo "1937"]
[PlyCount "0"]
[EventDate "2023.09.08"]
[EventRounds "5"]
[EventCountry "ENG"]

1. d4 Nf6 2. Bf4 g6 3. Nf3 Bg7 4. e3 O-O 5. h3 c5 6. c3 b6 7. Be2 Bb7 8. O-O d6 9.
Nbd2 Nbd7 10. Bh2 Rc8 11. a4 a6 12. Ne1 e5 13. Nc4 Ne8 14. dxe5 Nxe5 15. Nxe5 dxe5
16. Nf3 Qe7 17. Qb3 Rb8 18. Nd2 Nd6 19. Bf3 Rfd8 20. Rfd1 h5 21. Bxb7 Rxb7 22. Nf3
b5 23. axb5 axb5 24. Qd5 Rbd7 25. Nxe5 Bxe5 26. Qxe5 Nc4 27. Rxd7 Qxd7 28. Qb8 Rxb8
29. Bxb8 Nxb2 30. Be5 Na4  0-1

[Event "Hull 4NCL Congress"]
[Site "Canham Turner Centre"]
[Date "2023.09.10"]
[Round "4"]
[Board "8"]
[White "Milson, Samuel A"]
[Black "Burnett, Jim"]
[Result "1-0"]
[WhiteElo "2074"]
[BlackElo "2008"]
[PlyCount "0"]
[EventDate "2023.09.08"]
[EventRounds "5"]
[EventCountry "ENG"]

1. e4 e6 2. d4 d5 3. Nc3 Bb4 4. exd5 exd5 5. Bd3 Nc6 6. a3 Ba5 7. Be3 Nge7 8. Qh5
Be6 9. Nf3 Qd7 10. h3 g6 11. Qg5 Bxc3+ 12. bxc3 O-O-O 13. Rb1 Bf5 14. Ne5 Nxe5 15.
dxe5 Bxd3 16. cxd3 Nc6 17. O-O Rde8 18. Bd4 Nxd4 19. cxd4 Re6 20. Rb4 h5 21. Rfb1
Rb6 22. Qd2 Rxb4 23. Qxb4 b6 24. Rc1 Re8 25. a4 a5 26. Qxb6  1-0

[Event "Hull 4NCL Congress"]
[Site "Canham Turner Centre"]
[Date "2023.09.10"]
[Round "4"]
[Board "9"]
[White "Wells, Peter K"]
[Black "Collinson, Mark I"]
[Result "1-0"]
[WhiteElo "2341"]
[BlackElo "1818"]
[PlyCount "0"]
[EventDate "2023.09.08"]
[EventRounds "5"]
[EventCountry "ENG"]

1. d4 d5 2. c4 e6 3. Nc3 c5 4. cxd5 exd5 5. Nf3 Nc6 6. g3 Nf6 7. Bg2 Be7 8. O-O O-O
9. dxc5 Bxc5 10. Bg5 Be6 11. Bxf6 gxf6 12. Rc1 d4 13. Ne4 Be7 14. Qd2 f5 15. Nc5
Rc8 16. Qh6 Bf6 17. Nxb7 Qe7 18. Nd6 Rc7 19. Qf4 d3 20. exd3 Nd4 21. Nxd4 Rxc1 22.
Rxc1 Bg5 23. Qe5 Bf6 24. N6xf5 Bxe5 25. Nxe7+ Kg7 26. Nxe6+  1-0

[Event "Hull 4NCL Congress"]
[Site "Canham Turner Centre"]
[Date "2023.09.10"]
[Round "4"]
[Board "10"]
[White "Bulford, Michael J"]
[Black "Samarakoon, Vivash"]
[Result "1/2-1/2"]
[WhiteElo "2285"]
[BlackElo "1784"]
[PlyCount "0"]
[EventDate "2023.09.08"]
[EventRounds "5"]
[EventCountry "ENG"]

1. d4 Nf6 2. Bg5 d5 3. e3 e6 4. Bd3 h6 5. Bh4 c5 6. c3 Nc6 7. Nd2 e5 8. Ne2 cxd4
9. cxd4 exd4 10. exd4 Be7 11. O-O O-O 12. Rc1 Qb6 13. Nb3 Re8 14. Nc3 Bg4 15. f3
Be6 16. Bf2 Bd6 17. Kh1 Bf4 18. Rb1 Nb4 19. Nc5 Nxd3 20. Qxd3 Qc6 21. Ne2 Bb8 22.
b4 b6 23. b5 Qc8 24. Nxe6 Qxe6 25. Rfe1 Bd6 26. Ng3 Qd7 27. Nf5 Bf8 28. Bh4 Rxe1+
29. Rxe1 Re8 30. Rxe8 Nxe8 31. a4 Nd6 32. Nxd6 Bxd6 33. Bg3 Bxg3 34. hxg3 Kf8 35.
Qh7 f6 36. Qg6 Qc8 37. Kh2 Kg8 38. Qb1 Qc4  1/2-1/2

[Event "Hull 4NCL Congress"]
[Site "Canham Turner Centre"]
[Date "2023.09.10"]
[Round "4"]
[Board "11"]
[White "Ther, Mate"]
[Black "Krzyzanowski, Patryk"]
[Result "1/2-1/2"]
[WhiteElo "1988"]
[BlackElo "2090"]
[PlyCount "0"]
[EventDate "2023.09.08"]
[EventRounds "5"]
[EventCountry "ENG"]

1. e4 c5 2. Nf3 g6 3. d4 cxd4 4. Nxd4 Nc6 5. c4 Nf6 6. Nc3 d6 7. Be2 Nxd4 8. Qxd4
Bg7 9. Be3 O-O 10. Qd2 a5 11. f3 a4 12. O-O Qa5 13. Rab1 Be6 14. Rfc1 Rfc8 15. b4
axb3 16. axb3 Qb4 17. Na4 Qxd2 18. Bxd2 Bd7 19. Nc3 Ra3 20. Kf1 h6 21. Ke1 g5 22.
Bd3 Bc6 23. Be2 Nd7 24. b4 Nb6 25. b5 Bd7 26. Nd5 Nxd5 27. cxd5 Rxc1+ 28. Rxc1 Bd4
29. Bc4 f5 30. Rc2 fxe4 31. fxe4 Kg7 32. Bc1 Rc3 33. Rxc3 Bxc3+ 34. Ke2 Kf6 35. Be3
Be5 36. h3 h5 37. b6 g4 38. hxg4 Bxg4+ 39. Kd3 h4 40. Kd2 Bb2 41. Bb5 h3 42. gxh3
Bxh3 43. Bc6 Bc8 44. Be8 Ke5 45. Kd3 Bh3 46. Bc6 Bf1+ 47. Kc2 Bd4 48. Bxd4+ Kxd4
49. Bxb7 Kc5 50. Kd2 Kxb6 51. Bc8 Kc5 52. Ke3 Bc4 53. Be6  1/2-1/2

[Event "Hull 4NCL Congress"]
[Site "Canham Turner Centre"]
[Date "2023.09.10"]
[Round "4"]
[Board "12"]
[White "Ackley, Peter"]
[Black "Okhai, Shabir"]
[Result "1/2-1/2"]
[WhiteElo "1935"]
[BlackElo "2105"]
[PlyCount "0"]
[EventDate "2023.09.08"]
[EventRounds "5"]
[EventCountry "ENG"]

1. c4 g6 2. g3 Bg7 3. Nc3 c5 4. Bg2 Nc6 5. Nf3 e6 6. O-O Nge7 7. e3 O-O 8. d4 cxd4
9. Nxd4 d5 10. cxd5 Nxd5 11. Nxd5 Nxd4  1/2-1/2

[Event "Hull 4NCL Congress"]
[Site "Canham Turner Centre"]
[Date "2023.09.10"]
[Round "4"]
[Board "13"]
[White "Ravikumar, Pranava"]
[Black "Ciuravin, Andrei"]
[Result "0-1"]
[WhiteElo "1803"]
[BlackElo "2067"]
[PlyCount "0"]
[EventDate "2023.09.08"]
[EventRounds "5"]
[EventCountry "ENG"]

1. Nf3 c5 2. e3 Nf6 3. b3 e6 4. Bb2 Be7 5. d4 O-O 6. Bd3 b6 7. O-O Bb7 8. Nbd2 d6
9. c4 Nbd7 10. Re1 Re8 11. e4 cxd4 12. Nxd4 Bf8 13. Qe2 a6 14. Rad1 Qc7 15. Bb1 Rab8
16. f4 e5 17. fxe5 Nxe5 18. Nf5 g6 19. Ne3 Bg7 20. Rf1 Ned7 21. Qf3 Re7 22. Nd5 Bxd5
23. exd5 Rbe8 24. Bd4 Ne5 25. Qc3 Nfd7 26. Ne4 h6 27. Rde1 a5 28. Ng3 Nc5 29. Qb2
Nf3+ 30. gxf3 Bxd4+ 31. Qxd4 Rxe1 32. Ne4 Rxf1+ 33. Kxf1 Nxe4 34. Bxe4 Qd8 35. a3
Re5 36. b4 axb4 37. axb4 Qc7 38. f4 Re8 39. f5 Qe7 40. Bf3 Qe3 41. Qg4 Qd3+ 42. Kg2
Qxf5 43. Qxf5 gxf5 44. Kg3 Kg7 45. Kf4 Rc8 46. Be2 Kf6 47. Bd3 Rc7 48. h3 Ra7 49.
b5 Ra3 50. Be2 Rxh3 51. Bf1 Rh2 52. Bd3 h5 53. Kg3 Rd2 54. Bf1 Kg5 55. Kf3 f4 56.
Ke4 Rc2 57. Kd3 Rf2 58. Be2 h4 59. c5 dxc5 60. d6 Kf6 61. Bg4 Rg2 62. Bc8 h3 63.
Bb7 Ke6 64. Ke4 Kxd6 65. Kxf4 Rg7 66. Kf5 h2 67. Kf6 Rg1 68. Kxf7 h1=Q 69. Kf6  0-1

[Event "Hull 4NCL Congress"]
[Site "Canham Turner Centre"]
[Date "2023.09.10"]
[Round "4"]
[Board "14"]
[White "Larchikov, Maksym"]
[Black "Zhu, Yaoyao"]
[Result "0-1"]
[WhiteElo "1829"]
[BlackElo "1957"]
[PlyCount "0"]
[EventDate "2023.09.08"]
[EventRounds "5"]
[EventCountry "ENG"]

1. d4 d5 2. c4 e6 3. Nc3 Nf6 4. Bg5 Be7 5. Nf3 O-O 6. e3 h6 7. Bh4 b6 8. cxd5 exd5
9. Bd3 Bb7 10. Ne5 c5 11. O-O Nc6 12. Nxc6 Bxc6 13. Rc1 c4 14. Bb1 b5 15. f3 Re8
16. Re1 Qd7 17. Qc2 g6 18. Bf2 Rac8 19. e4 dxe4 20. fxe4 Ng4 21. e5 Nxf2 22. e6 Nh3+
23. gxh3 Qxd4+ 24. Kf1 Qf4+ 25. Qf2 Qxf2+ 26. Kxf2 Bh4+ 27. Kg1 Bxe1 28. Rxe1 Rxe6
29. Rxe6 fxe6 30. Bxg6 Kg7 31. Be4 b4  0-1

[Event "Hull 4NCL Congress"]
[Site "Canham Turner Centre"]
[Date "2023.09.10"]
[Round "4"]
[Board "15"]
[White "Parry, Samuel A"]
[Black "Cooper, John G"]
[Result "0-1"]
[WhiteElo "1807"]
[BlackElo "2107"]
[PlyCount "0"]
[EventDate "2023.09.08"]
[EventRounds "5"]
[EventCountry "ENG"]

1. d4 d5 2. Bf4 e6 3. e3 Nf6 4. c3 Be7 5. Nd2 b6 6. Bd3 Nbd7 7. h3 a5 8. Qe2 Bb7
9. Ngf3 Ne4 10. Ne5 O-O 11. O-O-O f6 12. Nxd7 Qxd7 13. f3 Nxd2 14. Qxd2 Ba6 15. e4
Bxd3 16. Qxd3 b5 17. Rhe1 c6 18. Qe3 Kf7 19. Qd3 g6 20. g4 Rad8 21. e5 f5 22. gxf5
gxf5 23. Rg1 Rg8 24. Qe3 b4 25. Rxg8 Rxg8 26. Rg1 bxc3 27. bxc3 Ba3+ 28. Kd2 Qb7
29. Rxg8 Qb2+ 30. Ke1 Qb1+ 31. Kf2 Qxa2+ 32. Kg3 Kxg8 33. Bg5 Qa1 34. Bh6 Kf7 35.
h4 Bb2 36. Kf2 Bxc3 37. Qg5 Bxd4+ 38. Ke2 Qb2+ 39. Kd1 Qb1+ 40. Kd2 Bxe5 41. Qd8
Qb4+ 42. Ke2 Qe7 43. Qxa5 Qxh4 44. Qa7+ Kg6 45. Be3 Qc4+ 46. Kd2 d4 47. Bf2 d3 48.
Qe7 Qc2+ 49. Ke3 Qe2#  0-1

[Event "Hull 4NCL Congress"]
[Site "Canham Turner Centre"]
[Date "2023.09.10"]
[Round "4"]
[Board "16"]
[White "Rich, Ben S"]
[Black "Skettos, Nicolas"]
[Result "1/2-1/2"]
[WhiteElo "1835"]
[BlackElo "1903"]
[PlyCount "0"]
[EventDate "2023.09.08"]
[EventRounds "5"]
[EventCountry "ENG"]

1. a3 e5 2. c4 d6 3. d3 f5 4. e3 Nf6 5. b4 Be7 6. Bb2 O-O 7. Nf3 a5 8. Qb3 h6 9.
Be2 axb4 10. axb4 Rxa1 11. Bxa1 Be6 12. Nc3 c6 13. O-O Nbd7 14. Rd1 Kh7 15. Qb1 g5
16. c5 d5 17. Na4 Qa8 18. Qc2 Qb8 19. Qb2 Qa8 20. Qb3 Qb8 21. Qb2  1/2-1/2

[Event "Hull 4NCL Congress"]
[Site "Canham Turner Centre"]
[Date "2023.09.10"]
[Round "4"]
[Board "17"]
[White "Sheppard, Derek A"]
[Black "Brencher, Paul"]
[Result "1/2-1/2"]
[WhiteElo "1664"]
[BlackElo "1879"]
[PlyCount "0"]
[EventDate "2023.09.08"]
[EventRounds "5"]
[EventCountry "ENG"]

1. d4 Nf6 2. Nf3 e6 3. g3 d5 4. c4 Be7 5. Bg2 O-O 6. O-O c6 7. Qc2 Nbd7 8. Nbd2 b6
9. b3 Bb7 10. Bb2 Rc8 11. e4 dxe4 12. Nxe4 Nxe4 13. Qxe4 Nf6 14. Qe2 Qc7 15. Rfd1
c5 16. Ne5 cxd4 17. Bxb7 Qxb7 18. Bxd4 Qe4 19. Qxe4 Nxe4 20. f3 Nd6 21. a4 f6 22.
Nd3 e5 23. Be3 Nf5 24. Bf2 Rfd8 25. a5 Nd4 26. Bxd4 Rxd4 27. axb6 axb6 28. Nf2 Bc5
29. Rxd4 Bxd4 30. Ra2 Kf7 31. Kf1 Bxf2 32. Kxf2 h5 33. Ra7+ Ke6 34. Rb7 Rc6 35. Rxg7
b5 36. cxb5 Rb6 37. Rh7 Rxb5 38. Rxh5 Rxb3 39. h4 Rb2+ 40. Ke3 Rb3+ 41. Kf2 Rb2+
42. Kf1 Rb3 43. Kf2 Ra3  1/2-1/2

[Event "Hull 4NCL Congress"]
[Site "Canham Turner Centre"]
[Date "2023.09.10"]
[Round "4"]
[Board "18"]
[White "Buanne, Luca"]
[Black "Raynes, Paul"]
[Result "1-0"]
[WhiteElo "1898"]
[BlackElo "1962"]
[PlyCount "0"]
[EventDate "2023.09.08"]
[EventRounds "5"]
[EventCountry "ENG"]

1. e4 c5 2. Nf3 e6 3. b3 Nf6 4. e5 Nd5 5. c4 Nb4 6. a3 N4c6 7. Bb2 b6 8. Be2 Bb7
9. O-O Qc7 10. Nc3 Nxe5 11. Nb5 Nxf3+ 12. Bxf3 Qc8 13. Bxg7 a6 14. Bxh8 axb5 15.
Bxb7 Qxb7 16. cxb5 d6 17. Qh5 Nd7 18. Qxh7 Qd5 19. Bc3 Be7 20. f3 Ra7 21. Qe4 Qh5
22. a4 d5 23. Qg4 Qh7 24. d4 Qd3 25. Rac1 Bd6 26. Rfe1 Nf8 27. Kh1 Qh7 28. f4 f5
29. Qf3 Rg7 30. dxc5  1-0

[Event "Hull 4NCL Congress"]
[Site "Canham Turner Centre"]
[Date "2023.09.10"]
[Round "4"]
[Board "20"]
[White "Bedi, Adam"]
[Black "Rich, Aaron"]
[Result "1-0"]
[WhiteElo "1841"]
[BlackElo "1599"]
[PlyCount "0"]
[EventDate "2023.09.08"]
[EventRounds "5"]
[EventCountry "ENG"]

1. d4 f5 2. g3 Nf6 3. Bg2 e6 4. Nf3 Be7 5. c4 O-O 6. O-O Ne4 7. Nbd2 b6 8. Nxe4 fxe4
9. Ne1 d5 10. b3 Bb7 11. Nc2 Nd7 12. Bh3 Rf6 13. Bf4 h6 14. f3 Bd6 15. Bxd6 cxd6
16. fxe4 dxe4 17. Rxf6 Qxf6 18. d5 Nf8 19. dxe6 Nxe6 20. Qxd6 Ng5 21. Qxf6 Nxh3+
22. Kg2 gxf6 23. Kxh3 Rd8 24. Nb4 a5 25. Nd5 Bxd5 26. cxd5 Rxd5 27. Kg2 Kf7 28. Kf2
Ke6 29. Ke3 Ke5 30. Rc1 Kf5 31. Rc4 Re5 32. h3 h5 33. Rc6 Rb5 34. Kd4 Rb4+ 35. Rc4
Rb5 36. Ke3 Re5 37. Rc8 Rc5 38. Rxc5+ bxc5 39. a3 Ke5 40. Kd2 f5 41. e3 Ke6 42. Kc3
Kf6 43. h4 Ke5 44. Kc4 f4 45. gxf4+ Kf5 46. Kxc5 Kg4 47. b4 axb4 48. axb4 Kxh4 49.
b5 Kg3 50. b6 h4 51. b7 h3 52. b8=Q h2 53. f5+  1-0

[Event "Hull 4NCL Congress"]
[Site "Canham Turner Centre"]
[Date "2023.09.10"]
[Round "4"]
[Board "21"]
[White "Walker, Jack"]
[Black "Ilett, Raymond J"]
[Result "0-1"]
[WhiteElo "1811"]
[BlackElo "1781"]
[PlyCount "0"]
[EventDate "2023.09.08"]
[EventRounds "5"]
[EventCountry "ENG"]

1. d4 Nf6 2. c4 e6 3. Nf3 b6 4. g3 Bb7 5. Bg2 Be7 6. O-O O-O 7. Nc3 d5 8. Ne5 Nbd7
9. cxd5 Nxe5 10. dxe5 Nxd5 11. Ne4 c5 12. Nd6 Qb8 13. Nxb7 Qxb7 14. f4 Rad8 15. Qc2
Qc7 16. a3 c4 17. e4 Bc5+ 18. Kh1 Ne3 19. Bxe3 Bxe3 20. Rad1 b5 21. Rd6 Rxd6 22.
exd6 Qxd6 23. Rd1 Qc7 24. b3 Qc5 25. bxc4 bxc4 26. Qc3 Rc8 27. Bf1 h6 28. Kg2 g5
29. Kf3 gxf4 30. gxf4 Qh5+ 31. Kxe3 Qxd1 32. Kf2 Qg4 33. Qe5 c3 34. Ba6 c2  0-1

[Event "Hull 4NCL Congress"]
[Site "Canham Turner Centre"]
[Date "2023.09.10"]
[Round "4"]
[Board "22"]
[White "Mize, Dylan"]
[Black "Bettley, Andrew D"]
[Result "1-0"]
[WhiteElo "1790"]
[BlackElo "1473"]
[PlyCount "0"]
[EventDate "2023.09.08"]
[EventRounds "5"]
[EventCountry "ENG"]

1. d4 Nf6 2. Bg5 Ne4 3. Bf4 d5 4. e3 e6 5. Bd3 Bd6 6. Bxe4 Bxf4 7. Bd3 Bd6 8. c4
c6 9. Nc3 b6 10. cxd5 exd5 11. Qe2 Be6 12. Nf3 Nd7 13. O-O O-O 14. Rac1 Rc8 15. h3
f5 16. Rc2 h6 17. Rfc1 Nf6 18. Ne5 c5 19. Ba6 Rc7 20. Nb5 Re7 21. Nxd6 Qxd6 22. Ng6
c4 23. Nxe7+ Qxe7 24. Bb5 Qb4 25. a4 Bc8 26. Qd1 a6 27. Bxc4 Qxa4 28. Be2 Be6 29.
Rc6 Qxd1+ 30. Bxd1 Bd7 31. Rxb6 Bb5 32. Rb7 Rd8 33. Rcc7 Ne8 34. Re7 g6 35. Bf3 Bc4
36. Red7 Rxd7 37. Rxd7 Nf6 38. Rb7 Kf8 39. b3 Bb5 40. g3 Kg8 41. Kg2 Kf8 42. Bd1
Bd3 43. f3 Kg8 44. Kf2 Kf8 45. Be2  1-0

[Event "Hull 4NCL Congress"]
[Site "Canham Turner Centre"]
[Date "2023.09.10"]
[Round "5"]
[Board "1"]
[White "Turner, Max N"]
[Black "Gormally, Daniel W"]
[Result "1/2-1/2"]
[WhiteElo "2244"]
[BlackElo "2449"]
[PlyCount "0"]
[EventDate "2023.09.08"]
[EventRounds "5"]
[EventCountry "ENG"]

1. d4 Nf6 2. c4 e6 3. Nf3 d5 4. g3 Be7 5. Bg2 O-O 6. O-O c6 7. Qc2 b6 8. Nbd2 Bb7
9. e4 Na6 10. e5 Nd7 11. b3 Rc8 12. Bb2 c5 13. Rac1 Qc7 14. Qb1 Qb8 15. h4 cxd4 16.
Bxd4 dxc4 17. Nxc4 Rfd8 18. Ng5 Nf8 19. Rfd1 Bxg2 20. Kxg2 b5 21. Ne3 Rxc1 22. Qxc1
Bxg5 23. hxg5 Qb7+ 24. f3 Nb4 25. Qc5 Nd5 26. Rc1 a6 27. Nxd5 exd5 28. Qc6 Qe7 29.
f4 Ne6 30. Bb6 Rb8 31. Bc5 Qd8 32. Bd6 Ra8 33. Qxd5 Rc8 34. Rc6 Qd7 35. Rxc8+ Qxc8
36. Qe4 a5 37. Be7 g6 38. Bd6 Kg7 39. Be7 Kg8 40. g4 Nxf4+ 41. Qxf4 Qb7+ 42. Qf3
 1/2-1/2

[Event "Hull 4NCL Congress"]
[Site "Canham Turner Centre"]
[Date "2023.09.10"]
[Round "5"]
[Board "2"]
[White "Britton, Richard"]
[Black "Phillips, David"]
[Result "1/2-1/2"]
[WhiteElo "2107"]
[BlackElo "1852"]
[PlyCount "0"]
[EventDate "2023.09.08"]
[EventRounds "5"]
[EventCountry "ENG"]

1. e4 c6 2. Nf3 d5 3. exd5 cxd5 4. Ne5 Nf6 5. d4 Nc6 6. Bb5 Bd7 7. Nxd7 Qxd7 8. O-O
e6 9. Re1 Bd6 10. c3 O-O 11. Nd2 a6 12. Bf1 b5 13. a3 Rfe8 14. Nf3 Ne4 15. Nd2 Nf6
16. Nf3 Ne4 17. Nd2  1/2-1/2

[Event "Hull 4NCL Congress"]
[Site "Canham Turner Centre"]
[Date "2023.09.10"]
[Round "5"]
[Board "3"]
[White "Varley, Joe"]
[Black "Milson, Samuel A"]
[Result "1-0"]
[WhiteElo "1937"]
[BlackElo "2074"]
[PlyCount "0"]
[EventDate "2023.09.08"]
[EventRounds "5"]
[EventCountry "ENG"]

1. e4 e6 2. d4 d5 3. Nd2 Nf6 4. e5 Nfd7 5. Bd3 c5 6. c3 Nc6 7. Ne2 cxd4 8. cxd4 f6
9. exf6 Nxf6 10. O-O Bd6 11. Nf3 O-O 12. Bg5 Qc7 13. Rc1 Bd7 14. Ng3 Bf4 15. Rc3
Bxg5 16. Nxg5 Qf4 17. Nf3 Rae8 18. Re1 Ng4 19. Ne2 Qd6 20. h3 Nf6 21. Ng3 e5 22.
Rxc6 bxc6 23. dxe5 Qb4 24. exf6 Rxe1+ 25. Qxe1 Qxe1+ 26. Nxe1 Rxf6 27. Nf3 c5 28.
b3 a5 29. Ne5 Be8 30. h4 a4 31. Be2 axb3 32. axb3 Rb6 33. Bf3 d4 34. Bd5+ Kf8 35.
Ne4 Ke7 36. Nd3 Bf7 37. Bxf7 Kxf7 38. Nexc5 Ke7 39. g3 Kd6 40. Kg2 Kd5 41. Kf3 Rb8
42. Ke2 Ra8 43. Na4 Rb8 44. Nf4+ Kd6 45. Nb2 Rxb3 46. Nbd3 Rb8 47. Kf3 Re8 48. Kg4
Rf8 49. Kg5 g6 50. Kh6 Rf7 51. g4 Ke7 52. h5 gxh5 53. Kxh5 Kf6 54. Kh4 Ra7 55. Kg3
Ra8 56. Nd5+ Kg7 57. Kf4 Re8 58. Kf5 Kf7 59. Ne5+ Kg7 60. Nf4 Ra8 61. Ne6+ Kg8 62.
Ke4 Ra2 63. f4 h5 64. g5 h4 65. f5 Ra6 66. Nxd4 h3 67. Kf3 h2 68. Kg2 Ra2+ 69. Kh1
Rf2 70. Nef3 Kf7 71. Nxh2 Ke7 72. Nhf3 Ra2 73. Kg1 Kf8 74. Ne5 Ra5 75. Ndc6 Ra4 76.
f6 Rf4 77. Ng6+  1-0

[Event "Hull 4NCL Congress"]
[Site "Canham Turner Centre"]
[Date "2023.09.10"]
[Round "5"]
[Board "4"]
[White "Walker, Martin G"]
[Black "Hebden, Mark L"]
[Result "0-1"]
[WhiteElo "2099"]
[BlackElo "2447"]
[PlyCount "0"]
[EventDate "2023.09.08"]
[EventRounds "5"]
[EventCountry "ENG"]

1. e4 e5 2. Nf3 Nc6 3. Bc4 Nf6 4. d3 Be7 5. O-O O-O 6. h3 d6 7. Nc3 Na5 8. Qe2 h6
9. Rd1 Re8 10. b4 Nxc4 11. dxc4 a5 12. b5 Nd7 13. Nd5 b6 14. Bb2 Bf8 15. g3 Nf6 16.
Kg2 Nxd5 17. cxd5 f5 18. a4 Qf6 19. Nd2 Bd7 20. f3 Qg6 21. Rh1 Be7 22. exf5 Bxf5
23. Ne4 Bh4 24. g4 Rf8 25. Raf1 Rf7 26. Kh2 Bxe4 27. Qxe4 Qxe4 28. fxe4 Raf8 29.
Rxf7 Rxf7 30. Rg1 Rf4  0-1

[Event "Hull 4NCL Congress"]
[Site "Canham Turner Centre"]
[Date "2023.09.10"]
[Round "5"]
[Board "5"]
[White "Ciuravin, Andrei"]
[Black "Wells, Peter K"]
[Result "0-1"]
[WhiteElo "2067"]
[BlackElo "2341"]
[PlyCount "0"]
[EventDate "2023.09.08"]
[EventRounds "5"]
[EventCountry "ENG"]

1. d4 Nf6 2. Bg5 d5 3. Bxf6 gxf6 4. e3 c5 5. Nf3 Nc6 6. Nc3 Rg8 7. a3 cxd4 8. exd4
e5 9. Bb5 e4 10. Nh4 f5 11. g3 Be6 12. Ng2 Bh6 13. Qh5 Qf6 14. Ne3 O-O-O 15. O-O-O
Ne7 16. f4 exf3 17. Qxf3 a6 18. Ba4 Qg5 19. Rhe1 f4 20. gxf4 Qxf4 21. Qxf4 Bxf4 22.
Kb1 Bxh2 23. Bb3 h5 24. Rh1 Bf4 25. Rde1 h4 26. Rxh4 Bg3 27. Rhh1 Bxe1 28. Rxe1 Rg3
29. Kc1 Rf3 30. Kd2 Nf5 31. Nxf5 Rxf5 32. Na4 Rf4 33. Kc3 Rd6 34. Re5 Kc7 35. Nc5
a5 36. Ba4 Rf3+ 37. Kd2 b6 38. Nd3 Rd8 39. Bb3 Kd6 40. Ke2 Rf6 41. Ke3 Rg8 42. Rh5
Rg3+ 43. Kd2 Bf5 44. Nf4 Bxc2 45. Nxd5 Rf5 46. Rh6+ Rg6 47. Rxg6+ fxg6 48. Bxc2 Rxd5
49. Bxg6 Rxd4+ 50. Kc3 Kc5 51. Be8 Rg4 52. Bd7 Rg3+ 53. Kc2 b5 54. Be6 Kd4 55. Bd7
Rg5 56. Be8 Ke3 57. Bf7 Rc5+ 58. Kd1 Rc7 59. Be8 Rc5 60. Bf7 Rc8 61. Be6 Rc6 62.
Bf7 Kd3 63. Be8 Rb6 64. Bh5 Rd6 65. Be8 Kc4+ 66. Kc2 Rf6 67. Bd7 Rf2+ 68. Kc1 Rh2
69. Be6+ Kd4 70. Bd7 Rh5 71. Be8 Rc5+ 72. Kd2 Re5 73. Bf7 Rf5 74. Be8 Rf2+ 75. Kc1
Kc4 76. Bd7 b4 77. axb4 axb4 78. Be6+ Kd3 79. Kb1 Kd2 80. Bc4 Rg2 81. Bd5 Rg3 82.
Be4 b3 83. Ka1 Rg1+ 84. Bb1 Rg7 85. Be4 Ra7+ 86. Kb1 Re7  0-1

[Event "Hull 4NCL Congress"]
[Site "Canham Turner Centre"]
[Date "2023.09.10"]
[Round "5"]
[Board "6"]
[White "Verma, Aditya"]
[Black "Arora, Tashika"]
[Result "1-0"]
[WhiteElo "2140"]
[BlackElo "1975"]
[PlyCount "0"]
[EventDate "2023.09.08"]
[EventRounds "5"]
[EventCountry "ENG"]

1. e4 e5 2. Nf3 Nc6 3. Bc4 Nf6 4. Ng5 d5 5. exd5 Na5 6. Bb5+ c6 7. dxc6 bxc6 8. Bd3
Qd5 9. O-O Be7 10. Nc3 Qd8 11. Qe2 O-O 12. h3 Qc7 13. Re1 Bd6 14. Nce4 Nxe4 15. Nxe4
Re8 16. Qf3 f5 17. Nxd6 Qxd6 18. Bxf5 Rf8 19. Qd3 Qc5 20. Bxh7+ Kh8 21. Rf1 Qb6 22.
Bg6 Qb4 23. Qe4 Qe7 24. d4 Be6 25. Qxe5 Qh4 26. Bg5 Nc4 27. Bxh4 Nxe5 28. dxe5 Rf4
29. Bg3 Rb4 30. b3 a5 31. Rfd1 a4 32. bxa4 Rbxa4 33. Rd6 Bd5 34. e6 R4a7 35. Re1
Re7 36. Bh4 Rxe6 37. Rdxe6 Bxe6 38. Rxe6 Kg8 39. Re8+  1-0

[Event "Hull 4NCL Congress"]
[Site "Canham Turner Centre"]
[Date "2023.09.10"]
[Round "5"]
[Board "7"]
[White "Yu, Hongyi"]
[Black "Southcott-Moyers, Indy"]
[Result "1/2-1/2"]
[WhiteElo "2063"]
[BlackElo "2006"]
[PlyCount "0"]
[EventDate "2023.09.08"]
[EventRounds "5"]
[EventCountry "ENG"]

1. e4 e5 2. Nf3 Nc6 3. d4 exd4 4. Nxd4 Bc5 5. Nxc6 Qf6 6. Qf3 dxc6 7. Nc3 Qxf3 8.
gxf3 Be6 9. Rg1 g6 10. Be3 Bxe3 11. fxe3 O-O-O 12. Bd3 Ne7 13. O-O-O c5 14. b3 f6
15. Na4 b6 16. Nb2 c6 17. a4 Kc7 18. Bc4 Bc8 19. Rxd8 Rxd8 20. Rd1 Rxd1+ 21. Kxd1
g5 22. Be2 Ng6 23. Nd3 Be6 24. Nb2 Kd6 25. Bc4 Ne5 26. Bxe6 Kxe6 27. Ke2 g4 28. fxg4
Nxg4 29. h3 Ne5 30. Nd3 a5 31. Nf4+ Kd6 32. Nh5 Ke7 33. c4 Nf7 34. h4 Nd6 35. Kf3
b5 36. cxb5 cxb5 37. axb5 c4 38. bxc4 a4 39. Nf4 Nxc4 40. Ke2 a3 41. Nd5+ Kd6 42.
Nc3 Nb6 43. Kd3 Na4 44. Na2 Kc5 45. Kc2 Kc4 46. Nc1 Kb4 47. Na2+ Kxb5 48. Kb3 Nc5+
49. Kxa3 Kc4 50. Kb2 Kd3 51. Nb4+ Kxe4 52. Kc3 Nd7 53. Kd2 Ne5 54. Ke2 Ng4 55. Nd3
Nxe3 56. Nf2+ Kd4 57. Kf3 Nf5 58. Kf4 Nxh4 59. Ng4 Ng2 60. Kf3 Nh4+ 61. Kf4 Ng2 62.
Kf3 Ne1+ 63. Kf4 Ng2 64. Kf3 f5 65. Nh6 f4 66. Kxg2 Ke3 67. Ng4+ Ke2 68. Ne5 h5 69.
Nf3 Ke3 70. Nh4 Ke4 71. Kf2 f3 72. Nxf3 Kf4 73. Kg2 Kg4 74. Nh2+ Kf5 75. Kh3 Kg5
76. Nf3+ Kf4 77. Kh4 Kxf3 78. Kxh5  1/2-1/2

[Event "Hull 4NCL Congress"]
[Site "Canham Turner Centre"]
[Date "2023.09.10"]
[Round "5"]
[Board "8"]
[White "Krzyzanowski, Patryk"]
[Black "Bulford, Michael J"]
[Result "1-0"]
[WhiteElo "2090"]
[BlackElo "2285"]
[PlyCount "0"]
[EventDate "2023.09.08"]
[EventRounds "5"]
[EventCountry "ENG"]

1. d4 Nf6 2. c4 e6 3. Nf3 d5 4. Nc3 c6 5. Bg5 Nbd7 6. cxd5 exd5 7. e3 Be7 8. Bd3
O-O 9. O-O Re8 10. Qc2 h6 11. Bh4 Ne4 12. Bxe7 Qxe7 13. b4 Qxb4 14. Nxe4 dxe4 15.
Bxe4 Qe7 16. Bh7+ Kh8 17. Bf5 Nf8 18. Rab1 Bxf5 19. Qxf5 Kg8 20. h3 Rad8 21. Rfc1
Rd5 22. Qc2 Ne6 23. Qa4 a6 24. Qb3 Rb5 25. Qc4 Qa3 26. Ne5 Rd8 27. Qc2 Rdd5 28. Nc4
Qe7 29. a4 Rxb1 30. Rxb1 Nd8 31. Nb6 Rg5 32. Rb3 Rg6 33. d5 Qg5 34. Qe4 cxd5 35.
Nxd5 Re6 36. Qc4 Rc6 37. Qe4 Re6 38. Qf3 Qe5 39. Nf4 Rd6 40. Rb1 Kh7 41. Ne2 Rf6
42. Qg4 Ne6 43. Rxb7 Qa1+ 44. Kh2 Rxf2 45. Nf4 Qf6 46. Rb6 Qe5 47. Qg3 Nxf4 48. exf4
Qxf4 49. Qxf4 Rxf4 50. Rxa6 f6 51. Ra7 Kg6 52. Kg3 Rf1 53. a5 Ra1 54. a6 Kf5 55.
Rxg7 Rxa6 56. Kh4 Ra2 57. Kh5 Ra8 58. h4 Rh8 59. g3 Ra8 60. Rb7 Ke6 61. Kxh6 Ra3
62. g4 Ra4 63. Kh5 Ra8 64. Kg6 Ra4 65. g5 fxg5 66. hxg5 Rg4 67. Kh6 Rg2 68. g6 Rh2
69. Kg7 Rg2 70. Rb5 Rg1 71. Rb2 Rg3 72. Re2+ Kd6 73. Kf7 Rf3+ 74. Kg8 Rg3 75. g7
Rh3 76. Re8 Rh1 77. Re4  1-0